LIBRARY & INFORMATION CENTRE, KCAET, TAVANUR

ONLINE PUBLIC ACCESS CATALOGUE (OPAC)

Normal view MARC view
  • Southorn,Neil

Entry Personal Name

Number of records used in: 1

001 - CONTROL NUMBER

  • control field: 989

003 - CONTROL NUMBER IDENTIFIER

  • control field: OSt

005 - DATE AND TIME OF LATEST TRANSACTION

  • control field: 20160718113227.0

008 - FIXED-LENGTH DATA ELEMENTS

  • fixed length control field: 160718|| aca||aabn | a|a d

040 ## - CATALOGING SOURCE

  • Original cataloging agency: OSt
  • Transcribing agency: OSt

100 ## - HEADING--PERSONAL NAME

  • Personal name: Southorn,Neil

670 ## - SOURCE DATA FOUND

  • Source citation: Work cat.: (OSt): Southorn,Neil, Farm Water Supplies: Planning and Installation, 1995
free website counter